The gap symmetry and fluctuations in high-Tc superconductors /

Bibliographic Details
Corporate Author: NATO Advanced Study Institute on the Gap Symmetry and Fluctuations in High-Tc Superconductors
Other Authors: Bok, Julien, 1933-
Format: Conference Proceeding Book
Language:English
Published: New York : Plenum Press, [1998]
Series:NATO ASI series. Physics ; v. 371.
Subjects:

MARC

Tag First Indicator Second Indicator Subfields
LEADER 00000cam a2200000 a 4500
001 in00001464607
005 20151021051329.0
008 980818s1998 nyua b 101 0 eng
010 |a  98037191  
020 |a 0306459345 
035 |a (OCoLC)39786555 
035 |9 AJD9464AM 
040 |a DLC  |c DLC  |d TXA  |d UtOrBLW 
049 |a TXAM 
050 0 0 |a QC611.98.H54  |b G38 1998 
082 0 0 |a 537.6/236  |2 21 
245 0 4 |a The gap symmetry and fluctuations in high-Tc superconductors /  |c edited by Julien Bok [and others]. 
264 1 |a New York :  |b Plenum Press,  |c [1998] 
264 4 |c ©1998 
300 |a xiii, 560 pages :  |b illustrations ;  |c 26 cm. 
336 |a text  |b txt  |2 rdacontent 
337 |a unmediated  |b n  |2 rdamedia 
338 |a volume  |b nc  |2 rdacarrier 
490 1 |a NATO ASI series. Series B, Physics ;  |v v. 371 
500 |a "Proceedings of a NATO Advanced Study Institute on the Gap Symmetry and Fluctuations in High-Tc Superconductors held September 1-13, 1997 in Cargèse, France"--Title page verso. 
504 |a Includes bibliographical references and index. 
650 0 |a High-temperature superconductors  |v Congresses. 
650 0 |a Energy gap (Physics)  |x Congresses. 
650 0 |a Fluctuations (Physics)  |v Congresses. 
650 0 |a Electron configuration  |x Congresses. 
700 1 |a Bok, Julien,  |d 1933- 
711 2 |a NATO Advanced Study Institute on the Gap Symmetry and Fluctuations in High-Tc Superconductors  |d (1997 :  |c Cargèse, France) 
830 0 |a NATO ASI series.  |n Series B,  |p Physics ;  |v v. 371. 
948 |a c:dm 
999 |a MARS 
999 f f |s 6f4cd91c-4872-31dd-a656-7b6dac815b5f  |i 3d0275dc-4cc8-3edc-bca4-32f8840ac9a5  |t 0 
952 f f |p normal  |a Texas A&M University  |b College Station  |c Sterling C. Evans Library  |d Evans: Library Stacks  |t 0  |e QC611.98.H54 G38 1998  |h Library of Congress classification  |i unmediated -- volume  |m A14823936502 
998 f f |a QC611.98.H54 G38 1998  |t 0  |l Evans: Library Stacks